00632nam a2200157 a 450000100100000000500170001000800410002704000250006808200250009310000240011824500300014226000560017230000280022895202010025699900170045700004642520201002052848.0150811s1995 dr a 000 0 spa d aDO-SdBNPbspacBNPHU axxxxxxxxxbxxxxxxxxx1 aPineda, Jorge9704513aEl limbo /cJorge Pineda. aSanto Domingo :bCentro Cultural Hipánico,c1995. a12 p. :bil., ;c28 cm. 0010718PDaPDbPDcHDd2015-08-11iLF1l0oxxxxxxxxx xxxxxxxxxp46425-10r2020-06-25w2020-06-25yLFPDzPerteneció a la biblioteca personal de Chiqui Vicioso / Fidelio Despradel.ZNo se presta c45914d45914